Managing Projects For Value (Record no. 351834)
[ view plain ]
| 000 -LEADER | |
|---|---|
| fixed length control field | 00523nam a22001937a 4500 |
| 003 - CONTROL NUMBER IDENTIFIER | |
| control field | OSt |
| 005 - DATE AND TIME OF LATEST TRANSACTION | |
| control field | 20180116183056.0 |
| 008 - FIXED-LENGTH DATA ELEMENTS--GENERAL INFORMATION | |
| fixed length control field | 160929b xxu||||| |||| 00| 0 eng d |
| 020 ## - INTERNATIONAL STANDARD BOOK NUMBER | |
| International Standard Book Number | 1567261388 |
| 040 ## - CATALOGING SOURCE | |
| Transcribing agency | 0 |
| 082 ## - DEWEY DECIMAL CLASSIFICATION NUMBER | |
| Classification number | 658.404 GOO 2001 |
| 100 ## - MAIN ENTRY--PERSONAL NAME | |
| Personal name | Goodpasture,John C. |
| 245 ## - TITLE STATEMENT | |
| Title | Managing Projects For Value |
| Statement of responsibility, etc. | John C.Goodpasture |
| 260 ## - PUBLICATION, DISTRIBUTION, ETC. | |
| Place of publication, distribution, etc. | Vienna,USA |
| Name of publisher, distributor, etc. | Management Concepts |
| Date of publication, distribution, etc. | 2001 |
| 300 ## - PHYSICAL DESCRIPTION | |
| Extent | 102p. |
| Other physical details | HB.photo copy |
| 440 ## - SERIES STATEMENT/ADDED ENTRY--TITLE | |
| Title | Managing Projects For Value |
| 500 ## - GENERAL NOTE | |
| General note | HB, photo copy |
| 942 ## - ADDED ENTRY ELEMENTS (KOHA) | |
| Source of classification or shelving scheme | |
| Koha item type | Book |
| Withdrawn status | Lost status | Source of classification or shelving scheme | Damaged status | Not for loan | Permanent Location | Current Location | Shelving location | Date acquired | Total Checkouts | Full call number | Barcode | Date last seen | Price effective from | Koha item type |
|---|---|---|---|---|---|---|---|---|---|---|---|---|---|---|
| Central Library (CL) | Central Library (CL) | General Stacks | 09/29/2016 | 658.404 GOO 2001 | NBSP-107 | 09/29/2016 | 09/29/2016 | Book | ||||||
| Central Library (CL) | Central Library (CL) | Management Sciences | 10/19/2019 | 658.404 GOO 2001 | NBSP-106 | 10/19/2019 | 10/19/2019 | Book |
